000 004350000a22001810004500
003 MACL
005 20160129124355.0
008 160129b xxu||||| |||| 00| 0 eng d
040 _aMACL
_cMACL
041 _aEnglish
082 _a823/SYL
100 _aHeyer, Georgette
_935265
245 _aSylvester or the Wicked Uncle
260 _bArrow
_c2000
_aAfrica
350 _a227
650 _aFiction
_935266
942 _cBK
_k823/HEY
_2ddc
999 _c31224
_d31224